<?xml version="1.0" encoding="UTF-8"?>
<record
    xmlns:xsi="http://www.w3.org/2001/XMLSchema-instance"
    xsi:schemaLocation="http://www.loc.gov/MARC21/slim http://www.loc.gov/standards/marcxml/schema/MARC21slim.xsd"
    xmlns="http://www.loc.gov/MARC21/slim">

  <leader>01663nam a22001937a 4500</leader>
  <datafield tag="999" ind1=" " ind2=" ">
    <subfield code="c">12287</subfield>
    <subfield code="d">12287</subfield>
  </datafield>
  <controlfield tag="008">221205b     2022      ||||| |||| 00| 0 eng d</controlfield>
  <datafield tag="020" ind1=" " ind2=" ">
    <subfield code="a">9781913997076</subfield>
  </datafield>
  <datafield tag="082" ind1=" " ind2=" ">
    <subfield code="a">623.88</subfield>
    <subfield code="b">ICS</subfield>
  </datafield>
  <datafield tag="110" ind1=" " ind2=" ">
    <subfield code="a">ICS (International Chamber of Shipping)</subfield>
  </datafield>
  <datafield tag="245" ind1=" " ind2=" ">
    <subfield code="a">Bridge procedure guide</subfield>
  </datafield>
  <datafield tag="250" ind1=" " ind2=" ">
    <subfield code="a">6th ed.</subfield>
  </datafield>
  <datafield tag="260" ind1=" " ind2=" ">
    <subfield code="a">London</subfield>
    <subfield code="b">International Chamber of Shipping</subfield>
    <subfield code="c">2022</subfield>
  </datafield>
  <datafield tag="300" ind1=" " ind2=" ">
    <subfield code="a">193p.</subfield>
  </datafield>
  <datafield tag="520" ind1=" " ind2=" ">
    <subfield code="a">he new ICS Bridge Procedures Guide has been written to reflect the rapid technological advances taking place in the shipping industry and to equip users to deal with the digital transformation taking place on the bridge. For over 40 years, this bestselling Guide has reflected and defined current best practice on the bridges of merchant ships operating in all sectors and trades. Now in its sixth edition, it is widely acknowledged as the leading industry guidance on safe bridge procedures and is a recommended carriage on all vessels by the International Maritime Organization (IMO). Regularly used by Masters, watchkeeping officers, shipping companies, training institutions and accident investigators worldwide, the Guide continues to be an essential tool for those in charge of a navigational watch. Thoroughly revised and updated to be relevant to today&#x2019;s international shipping landscape, the new edition provides clear guidance on best practice approaches to watchkeeping that make safe and effective use of modern technology, and embrace internationally agreed standards and recommendations adopted by the IMO.</subfield>
  </datafield>
  <datafield tag="650" ind1=" " ind2=" ">
    <subfield code="a">Effective bridge organisation</subfield>
  </datafield>
  <datafield tag="650" ind1=" " ind2=" ">
    <subfield code="a">passage planning</subfield>
  </datafield>
  <datafield tag="650" ind1=" " ind2=" ">
    <subfield code="a">Duties of the Officer of the watch</subfield>
  </datafield>
  <datafield tag="942" ind1=" " ind2=" ">
    <subfield code="c">BK</subfield>
  </datafield>
  <datafield tag="952" ind1=" " ind2=" ">
    <subfield code="0">0</subfield>
    <subfield code="1">0</subfield>
    <subfield code="2">ddc</subfield>
    <subfield code="4">0</subfield>
    <subfield code="6">623_880000000000000_ICS</subfield>
    <subfield code="7">0</subfield>
    <subfield code="8">NFIC</subfield>
    <subfield code="9">15332</subfield>
    <subfield code="a">MU</subfield>
    <subfield code="b">MU</subfield>
    <subfield code="c">GEN</subfield>
    <subfield code="d">2022-12-05</subfield>
    <subfield code="o">623.88 ICS</subfield>
    <subfield code="p">MPC6618</subfield>
    <subfield code="r">2025-03-17</subfield>
    <subfield code="y">BK</subfield>
    <subfield code="z">IMO SHELF</subfield>
  </datafield>
</record>
